MICROECONOMICS THEORY AND APPLICATIONS (Record no. 22228)

MARC details
000 -LEADER
fixed length control field 00277nam a22001217a 4500
003 - CONTROL NUMBER IDENTIFIER
control field SGT
082 ## - DEWEY DECIMAL CLASSIFICATION NUMBER
Classification number 338.5
Item number DWI
100 ## - MAIN ENTRY--PERSONAL NAME
Personal name DWAIVEDI, D.N.
245 ## - TITLE STATEMENT
Title MICROECONOMICS THEORY AND APPLICATIONS
260 ## - PUBLICATION, DISTRIBUTION, ETC. (IMPRINT)
Place of publication, distribution, etc INDIA
Name of publisher, distributor, etc VIKASH PUB.
Year of Publication 2020
300 ## - PAGE DESCRIPTION
No. of Pages 651
942 ## - ADDED ENTRY ELEMENTS (KOHA)
Source of classification or shelving scheme Dewey Decimal Classification
Koha item type Books
942 ## - ADDED ENTRY ELEMENTS (KOHA)
-- 44
Holdings
Withdrawn status Lost status Source of classification or shelving scheme Damaged status Not for loan Collection code Home library Current library Shelving location Date acquired Vendor Name Cost, normal purchase price SGTU Bill Number Full call number Accession No. (Barcode) Date last seen Bill Date Koha item type Total Checkouts Date last borrowed
    Dewey Decimal Classification   Not For Loan COMMERCE MANAGEMENT SGT Science & Social Sciences Library SGT Science & Social Sciences Library Reference Book 24/02/2022 ABC 450.00 SGTU 13648 338.5 DWI CM6270 24/02/2022   Books    
    Dewey Decimal Classification     COMMERCE MANAGEMENT SGT Science & Social Sciences Library SGT Science & Social Sciences Library Text Book 24/02/2022 ABC 450.00 SGTU 13648 338.5 DWI CM6271 17/04/2023   Books 6 27/12/2022
    Dewey Decimal Classification     COMMERCE MANAGEMENT SGT Science & Social Sciences Library SGT Science & Social Sciences Library Text Book 24/02/2022 ABC 450.00 SGTU 13648 338.5 DWI CM6272 04/01/2024   Books 15 20/12/2023
    Dewey Decimal Classification     COMMERCE MANAGEMENT SGT Science & Social Sciences Library SGT Science & Social Sciences Library Text Book 24/02/2022 ABC 450.00 SGTU 13648 338.5 DWI CM6273 19/12/2025   Books 13 08/12/2025
    Dewey Decimal Classification     COMMERCE MANAGEMENT SGT Science & Social Sciences Library SGT Science & Social Sciences Library Text Book 24/02/2022 ABC 450.00 SGTU 13648 338.5 DWI CM6274 25/11/2024   Books 12 08/11/2024